| 000 | 00849cam a22002651 4500 | ||
|---|---|---|---|
| 001 | 14290 | ||
| 003 | BD-RjUL | ||
| 005 | 20211208235613.0 | ||
| 008 | 140205s1950 xx 001 0 eng | ||
| 035 | _a(BD-RjUL)14342 | ||
| 035 | _a(OCoLC)1577534 | ||
| 040 |
_aDLC _cFM _dDLC _beng |
||
| 041 | _aeng | ||
| 082 |
_223 _a651.374 _bLOC 1950 |
||
| 100 | 1 |
_aLoso, Foster W. _q(Foster William), _d1902-1952. _944622 |
|
| 245 | 1 | 0 |
_aClerical office practice / _cFoster W. Loso |
| 260 |
_aCincinnati : _bSouth-western Pub. Co. _cc1950. |
||
| 300 |
_avi, 504 p. : _billus. ; _c23 cm. |
||
| 500 | _aIn the earlier edition Loso's name appeared first on the title page. | ||
| 504 | _aIncludes index. | ||
| 650 | 0 |
_aOffice practice. _944623 |
|
| 700 | 1 |
_aAgnew, Peter Lawrence _d1901- _ejoint author. _944414 |
|
| 942 |
_2ddc _cBK |
||
| 999 |
_c14290 _d14290 |
||